Cases in organizations: behaviour, structure, processes (Record no. 171406)

MARC details
000 -LEADER
fixed length control field 00381nam a2200145Ia 4500
008 - FIXED-LENGTH DATA ELEMENTS--GENERAL INFORMATION
fixed length control field 230917s9999||||xx |||||||||||||| ||und||
040 ## - CATALOGING SOURCE
-- 38595
Original cataloging agency VIVEKANANDA LIBRARY
041 ## - Language
-- English
082 ## - DDC NUMBER
Classification number 658.09 W582C
100 ## - MAIN ENTRY--PERSONAL NAME
Personal name White, Bernard J
245 #0 - TITLE STATEMENT
Title Cases in organizations: behaviour, structure, processes
260 ## - PUBLICATION, DISTRIBUTION, ETC. (IMPRINT)
Place of publication, distribution, etc Texas
Name of publisher, distributor, etc Business
Date of publication, distribution, etc 1976
300 ## - PHYSICAL DESCRIPTION
Pages xii, 358 p.
942 ## - ADDED ENTRY ELEMENTS (KOHA)
Koha item type Books
Holdings
Withdrawn status Lost status Damaged status Not for loan Location (home branch) Sublocation or collection (holding branch) Date acquired Koha issues (times borrowed) Koha full call number Accession No. Koha date last seen Koha item type
        VIVEKANANDA LIBRARY VIVEKANANDA LIBRARY 29/08/2002 1 658.09 W582C 32040 26/11/2025 Books
© Designed and Maintained by Vivekananda Library, MDU Rohtak